Представление документа в формате RUSMARC

ПолеНазваниеЗначение
  Тип записи a
  Библиографический уровень m
001 Контрольный номер d0c90478a4934e099012a9ad586478fc
005 Дата корректировки 20140703160937.6
010 Индекс ISBN __
a ISBN 5-7990-0613-5
200 Заглавие и сведения об ответственности 1_
a Заглавие Правила производства судебно-медицинских экспертиз
210 Выходные данные 1_
a Место издания М.
c Издательство ПРИОР
d Дата издания 2001
215 Физическое описание __
a Объем 144 с.
610 Ключевые слова 0_
a Ключевые слова судебно-медицинская экспертиза
686 Индексы других классификаций __
a Классификационный индекс 67
2 Код системы rubbk
686 Индексы других классификаций __
a Классификационный индекс 67.629.341.3
2 Код системы rubbk
801 Источник записи _0
a Страна RU
b Организация РУК
c Дата составления 20011224
g Правила каталогизации PSBO
801 Источник записи _1
a Страна RU
b Организация РУК
c Дата составления 20011224
g Правила каталогизации PSBO
852 Данные о местонахождении __
i Авторский знак П68
j Шифр хранения ББК 67
901 Тип документа __
t Тип документа m
938 Служебная информация __
a Название организации Головной вуз
b Имя БД BOOK
c Название АИБС АИБС ИРБИС